Internet Law and Regulation / (Record no. 11803)
[ view plain ]
| 000 -LEADER | |
|---|---|
| fixed length control field | 01338cam a22003252 4500 |
| 001 - CONTROL NUMBER | |
| control field | 0000025557 |
| 005 - DATE AND TIME OF LATEST TRANSACTION | |
| control field | 20151217154559.0 |
| 008 - FIXED-LENGTH DATA ELEMENTS--GENERAL INFORMATION | |
| fixed length control field | 151026s xx 000 0 eng d |
| 020 ## - INTERNATIONAL STANDARD BOOK NUMBER | |
| International Standard Book Number | 0421909908 : |
| 245 10 - TITLE STATEMENT | |
| Title | Internet Law and Regulation / |
| Statement of responsibility, etc. | edited by Graham J.H. Smith. |
| 250 ## - EDITION STATEMENT | |
| Edition statement | 4th ed. |
| 260 ## - PUBLICATION, DISTRIBUTION, ETC. (IMPRINT) | |
| Place of publication, distribution, etc. | London : |
| Name of publisher, distributor, etc. | Sweet & Maxwell, |
| Date of publication, distribution, etc. | 2007. |
| 300 ## - PHYSICAL DESCRIPTION | |
| Extent | lxxxiii, 1296 p. |
| 650 #0 - SUBJECT ADDED ENTRY--TOPICAL TERM | |
| Topical term or geographic name as entry element | Computer networks |
| General subdivision | Law and legislation. |
| -- | 0000124193 |
| 650 #0 - SUBJECT ADDED ENTRY--TOPICAL TERM | |
| Topical term or geographic name as entry element | Internet. |
| -- | 0000000969 |
| 700 1# - ADDED ENTRY--PERSONAL NAME | |
| Personal name | Graham J. Smith. |
| -- | 0000186234 |
| 710 2# - ADDED ENTRY--CORPORATE NAME | |
| Corporate name or jurisdiction name as entry element | Bird & Bird. |
| -- | 0000186235 |
| 852 1# - LOCATION | |
| -- | P98500KES |
| 852 1# - LOCATION | |
| -- | P98500KES |
| 852 1# - LOCATION | |
| -- | P98500KES |
| 852 1# - LOCATION | |
| -- | P98500KES |
| 852 1# - LOCATION | |
| -- | P98500KES |
| 852 1# - LOCATION | |
| -- | P98500KES |
| 852 1# - LOCATION | |
| -- | P98500KES |
| 852 1# - LOCATION | |
| -- | P98500KES |
| 852 1# - LOCATION | |
| -- | P98500KES |
| 852 1# - LOCATION | |
| -- | P98500KES |
| 908 ## - PUT COMMAND PARAMETER (RLIN) | |
| Put command parameter | 151026 |
| 950 ## - LOCAL HOLDINGS (RLIN) | |
| -- | 1 |
| Withdrawn status | Lost status | Source of classification or shelving scheme | Not for loan | Home library | Current library | Date acquired | Total Checkouts | Full call number | Barcode | Date last seen | Price effective from | Koha item type | Date last checked out |
|---|---|---|---|---|---|---|---|---|---|---|---|---|---|
| Library of Congress Classification | Kabarak, Main Campus | Kabarak, Main Campus | 17/12/2015 | KD667 .C65I58 2007 c.1 | 021372 | 17/12/2015 | 17/12/2015 | General Collection | |||||
| Library of Congress Classification | Kabarak, Main Campus | Kabarak, Main Campus | 17/12/2015 | KD667 .C65I58 2007 c.2 | 021378 | 17/12/2015 | 17/12/2015 | General Collection | |||||
| Library of Congress Classification | Kabarak, Main Campus | Kabarak, Main Campus | 17/12/2015 | KD667 .C65I58 2007 c.5 | 021368 | 17/12/2015 | 17/12/2015 | General Collection | |||||
| Library of Congress Classification | Kabarak, Main Campus | Kabarak, Main Campus | 17/12/2015 | 1 | KD667 .C65I58 2007 c.6 | 021382 | 22/10/2021 | 17/12/2015 | General Collection | 07/10/2021 | |||
| Library of Congress Classification | Kabarak, Main Campus | Kabarak, Main Campus | 17/12/2015 | 1 | KD667 .C65I58 2007 c.7 | 021370 | 11/10/2017 | 17/12/2015 | General Collection | 10/02/2017 | |||
| Library of Congress Classification | Kabarak, Main Campus | Kabarak, Main Campus | 17/12/2015 | KD667 .C65I58 2007 c.8 | 021376 | 17/12/2015 | 17/12/2015 | General Collection | |||||
| Library of Congress Classification | Kabarak, Main Campus | Kabarak, Main Campus | 17/12/2015 | KD667 .C65I58 2007 c.9 | 021374 | 17/12/2015 | 17/12/2015 | General Collection | |||||
| Library of Congress Classification | Kabarak, Main Campus | Kabarak, Main Campus | 17/12/2015 | 1 | KD667 .C65I58 2007 c.10 | 021366 | 13/12/2019 | 17/12/2015 | General Collection | 06/12/2019 | |||
| Library of Congress Classification | Kabarak, Main Campus | Kabarak, Main Campus | 17/12/2015 | KD667 .C65I58 2007 c.3 | 021384 | 17/12/2015 | 17/12/2015 | General Collection | |||||
| Library of Congress Classification | Kabarak, Main Campus | Kabarak, Main Campus | 17/12/2015 | KD667 .C65I58 2007 c.4 | 021380 | 17/12/2015 | 17/12/2015 | General Collection |